LEADER 00595nam a2200169 i 4500 001 000000230642 003 CaOOAMICUS 005 20140613000000.0 008 140613s1875 it u000 u ita u 013 $a209544 040 $aSeMil$bita 245 10$aVol. 3. 300 $aXI, 480 p. 773 0 $aCurci, Carlo Maria $tLezioni esegetiche e morali sopra i quattro evangeli.$dFirenze : Luigi Manuelli, 1874-1876.$g3$w()30069 850 $aSeMil 852 $aSeMil$W1$xVenegono$y1$m2V III 39 FA$j180988$B180988$CSeMilBibl$Z2$F191783 $8I 996 $6245$aVol. 3$9(OLS)http://semarc/title/80712 LEADER 00736nam a2200205 i 4500 001 000000065136 003 CaOOAMICUS 005 20220525084623.0 008 110112s1968 xx u000 u fre u 013 $a36308 040 $aSeMil$bita 245 10$a3 /$cPierre Benoit. 300 $aVIII, 446 p. 490 1 $aCogitatio Fidei ;$v30 773 0 $aBenoit, Pierre $tExégèse et théologie.$dParis : Les Éditions du Cerf, 1961-1968.$kCogitatio Fidei $g3$w()24102 830 0$aCogitatio Fidei ;$v30.$0(OLS)http://semarc/title/206 850 $aSeMil 852 $aSeMil$W1$xVenegono$y1$m2BA N 30$j31289$B31289$CSeMilBibl$Z2$F31292 $81 996 $6245$a3$9(OLS)http://semarc/title/47130